000 00446nam a22001697a 4500
003 OSt
008 260417b |||||||| |||| 00| 0 eng d
082 _a581.2326
_bK55M
100 _aKhaikho, Shashi Sharma
245 _aManagement of Powdery Mildew of Pea through Different Methods
260 _aPusa, Samastipur
_bRAU, Pusa
_c2003
300 _a47P.
502 _bMsc.
_d2004
650 _aPlant Pathology
700 _aMsc.
942 _2ddc
_cT
999 _c50076
_d50076